MDQL
is popping MORE tags! Check the
thread
!
Quizzes
Events
Quiz Creation
Community
Videos
Private Events
Remove Ads
Sign In
Join for FREE
Feedback
Dark Mode
Quiz Categories
Sports
Geography
Music
Movies
Television
Just For Fun
Miscellaneous
History
Literature
Language
Science
Gaming
Entertainment
Religion
Holiday
For Kids
Quiz Lab
Recent
Popular Today
Quiz Kudos Today
Editor Picks
Curator Picks
Quizzes by...
Day
Popularity
Type
Ratings
Length
Year
Community
Subscriptions
Recent Discussions
Orange Saloon
Badges
Playlists
Quests
Create
Leaderboards
Showdown
Live 5
Trivia Bingo
Activity
Puzzle Library
Sporcle Events
Private Events
Virtual Trivia
Globe League
Become a Host
Pub Owners
SporcleCon
Opinionation
Our Games
Videos
Blog
Mobile Apps
Partnerships
Remove Ads and Go Orange
Feedback
Music
Pop Music
The Beatles
Song
Album
Lyrics
Bands
Singers
Artist
Clip
Rock
Rap
Classical
Billboard
Country Music
Kpop
Taylor Swift
Music
Pop Music
The Beatles
Song
Album
Lyrics
Bands
Singers
Artist
Clip
Rock
Rap
Classical
Billboard
Country Music
Kpop
Taylor Swift
Random Quiz
Search Sporcle
×
Quiz Lab
Quiz Lab
Music
Song
Type in answers that appear in a list
Type in answers that appear in a list
Classic
Best Score? Go Orange.
Guess the Beatles Lyrics (#21) Stats
Can you name the lyrics to this Beatles song?
By
fiendishthingy88
10m
177 Questions
4,557 Plays
4,557 Plays
4,557 Plays
Comments
Comments
Give Quiz Kudos
Give Quiz Kudos
-
- Ratings
hide this ad
Replay
Link that replays current quiz
Next Quiz
Link to next quiz in quiz playlist
You Got
0%
They Got
Avg Score
74%
Avg Friend Score
Upgrade to see
Score Distribution
Jump to the score distribution portion of the page
Score
0/177
Timer
10:00
0
Plays Today
% Correct
I
99%
I
99%
I
99%
I
99%
I
99%
I
99%
I
99%
I
99%
I
99%
I
99%
I
99%
I
99%
I
99%
a
97%
a
97%
a
97%
a
97%
you
95.6%
you
95.6%
you
95.6%
you
95.6%
you
95.6%
you
95.6%
you
95.6%
you
95.6%
you
95.6%
you
95.6%
you
95.6%
you
95.6%
you
95.6%
you
95.6%
you
95.6%
you
95.6%
you
95.6%
You
95.6%
You
95.6%
You
95.6%
love
94%
love
94%
love
94%
love
94%
love
94%
love
94%
love
94%
love
94%
love
94%
love
94%
love
94%
And
92.7%
And
92.7%
And
92.7%
And
92.7%
me
89.9%
me
89.9%
me
89.9%
me
89.9%
me
89.9%
me
89.9%
me
89.9%
% Correct
me
89.9%
me
89.9%
me
89.9%
me
89.9%
me
89.9%
to
86.6%
to
86.6%
to
86.6%
to
86.6%
do
81.7%
do
81.7%
do
81.7%
be
80.5%
be
80.5%
be
80.5%
be
80.5%
That
77.8%
that
77.8%
that
77.8%
that
77.8%
that
77.8%
that
77.8%
when
75.9%
when
75.9%
when
75.9%
when
75.9%
is
74.7%
too?
73.2%
too
73.2%
too?
73.2%
too
73.2%
too
73.2%
too
73.2%
too
73.2%
see?
71.5%
see
71.5%
see?
71.5%
see
71.5%
If
70.8%
say
69.6%
say
69.6%
say
69.6%
say
69.6%
Can't
68.3%
Can't
68.3%
Can't
68.3%
Can't
68.3%
what
67.7%
what
67.7%
tell
66.5%
tell
66.5%
have
66%
have
66%
you're
65.8%
you're
65.8%
you're
65.8%
You're
65.8%
like
63.8%
girl
63.6%
% Correct
mine
63.4%
mine
63.4%
could
62%
could
62%
could
62%
could
62%
of
61.6%
This
61.1%
this
61.1%
This
61.1%
would
60.9%
Whoa
60%
whoa
60%
Oh
60%
Whoa
60%
whoa
60%
oh
60%
Oh
60%
oh
60%
with
60%
should
59.6%
should
59.6%
So
59.2%
ask
57.9%
ask
57.9%
never
56.7%
never
56.7%
known
53.8%
gonna
53.6%
gonna
53.6%
gonna
53.6%
gonna
53.6%
only
52.8%
only
52.8%
everything
51.8%
kiss
50.4%
kiss
50.4%
better
49.9%
give
49.4%
Give
49.4%
Give
49.4%
more
49.2%
more
49.2%
more
49.2%
Hey
48.4%
hey
48.4%
hey
48.4%
Hey
48.4%
hey
48.4%
hey
48.4%
happen
48.4%
happen
48.4%
realized
46.8%
realized
46.8%
realized
46.6%
before
43.9%
things
42.6%
lot
39.9%
gotta
39%
Quiz Playlist
Details
Report
Send in Message
Add To Playlist
Classic:
Type in answers that appear in a list
Last Updated: Jun 25, 2017
Quiz Scoreboard
CHALLENGE
Sign Up to Join the Scoreboard
Show All
Scores
Hide
Comments
May contain spoilers
Recently Published
Colored Red Africa Blitz
by spor1
Geography
30s
Find the 'City' Movie
by crazypaving
Movies
60s
5x2 Blitz: Bands
by SL_Kpop136
Music
30s
More to Explore
Quiz From the Vault
Featured Blog Post
14 Easter Pick-up Lines to Find Eggs With
hide this ad
You Might Also Like...
Tags
Lyrics Quiz
Song Quiz
Today's Top Quizzes in Music
Browse Music
hide this ad
Today's Top Quizzes in Song
Browse Song
Top Contributed Quizzes in Music
1
5X2 Blitz: Bands II
2
Taylor Swift Logic Puzzle II
3
Taylor Swift All Songs (2024)
4
5X2 Blitz: The Beatles
5
5X2 Blitz: Billboard
6
5X2 Blitz: Singers
7
5X2 Blitz: Album
8
5X2 Blitz: Rock
9
Music Artist by Three 2010s hits
10
5X2 Blitz: Billboard II
Explore More
Trending Topics
Harry Potter
Kpop
Disney
Marvel
Anime
Crossword
NBA
Song
NFL
Soccer
Pokémon
Puzzle
WWE
Country
The Office
hide this ad
More By:
fiendishthingy88
Quiz
Plays
Rating
Category
Featured
Created
Figure Out the Beatles Lyrics III
344,723
4.19
Music
Dec 14, 2009
Figure Out the Beatles Lyrics
330,365
4.04
Music
Dec 15, 2009
Figure Out the Beatles Lyrics V
300,764
4.23
Music
Dec 15, 2009
Figure Out the Beatles Lyrics II
264,920
4.27
Music
Jan 1, 2010
Figure Out the Beatles Lyrics IV
220,912
4.33
Music
Apr 14, 2010
Go to Creator's Profile
Score Distribution
Quiz Creator Spotlight
fiendishthingy88
Follow
Send a Message
Quizzes Created
-
Created Quiz Play Count
-
More By This Creator
Popular Quizzes Today
1
Find the 'City' Movie
2
Colored Red Africa Blitz
3
5x2 Blitz: Bands
4
Find the US States - No Outlines Minefield
5
The Countries of the World
6
Find the US States
7
9x9 Crossword: Cartoon Network
8
US States
More Music Quizzes
Chan in Kpop (Picture Click)
Quiz Lab
Trending Quizzes
Colored Red Europe Blitz I
Colored Red Africa Blitz II
Colored Red Africa Blitz III
Colored Red Europe Blitz III
Colored Red Europe Blitz II
Recently Updated
Champions League XIs: Real Madrid
pecheneg
Largest US Cities 1790-2010
pecheneg
Rides in Walt Disney World
pecheneg
Most Oscar Losses (Acting)
pecheneg
Beyoncé Albums
pecheneg
Leaping Animals
pecheneg
Reality TV Shows (A-Z)
bhenderson79
Rickey Henderson's Hall of Fame Teammates
pecheneg
Champions League XIs: Arsenal
pecheneg
Quick Pick: Celebrities in WWE's Hall of Fame
aduchscher
Trending Topics
Harry Potter
Anime
Kpop
Disney
Crossword
Marvel
NBA
Country
Pokémon
NFL
Song
Soccer
Puzzle
WWE
The Office
Your Account Isn't Verified!
In order to create a playlist on Sporcle, you need to verify the email address you used during registration. Go to your
Sporcle Settings
to finish the process.
Report this User
Report this user for behavior that violates our
Community Guidelines
.
Details:
Send Report
Go to the Sporcle.com Mobile Site →
Comments